000 01683nab a2200253 a 4500
005 20260303124808.0
008 991125c2015 sp qr p o 000 0 spa d
035 _aUPN01000205527
040 _aMX-MxUPN
_bspa
_cMX-MxUPN
_eaacr2
049 _aART-E
100 1 _aDumont, Guillaume
100 1 _aClua García, Rafael
245 1 0 _aAcercamiento socio-antropológico al concepto de estilo de vida
506 0 _aAcceso abierto
520 3 _aEn este artículo desarrollamos un acercamiento socio-antropológico al concepto de “estilo de vida” proponiendo una definición operativa del mismo. En efecto, debido a la abundancia de definiciones y a una gran diversidad en los usos de esta noción, es necesario replantearse su valor analítico para las ciencias sociales. Después de una revisión de la literatura, detallamos las distintas dimensiones del concepto y lo definimos a través de los procesos de negociación entre estructura social y disposiciones, tanto individuales como colectivas. Utilizamos teoría socio-antropológica que pone en práctica diferentes acercamientos al concepto, lo ejemplificamos con un análisis sintético de una investigación sociológica en el campo del consumo de drogas. Sobre la base de este análisis, concluimos proponiendo una definición abierta del concepto de estilo de vida.
650 2 _aEstilo de vida
_910712
653 0 _aSubcultura
653 0 _aConsumo de drogas
773 _gNo. 66 (2015), p. 83-99
_tAposta : revista de ciencias sociales
_x1696-7348
856 4 _uhttps://www.apostadigital.com/revistav3/hemeroteca/dumont1.pdf
902 _aGloria Jiménez/030326
905 _aArticulo
942 _cART-E
999 _c177628
_d177628